[Event "Moscow op-A 14th"]
[Site "Moscow"]
[Date "2018.02.03"]
[Round "8"]
[White "Gubajdullin, Alexey"]
[Black "Sakulo, Denis"]
[Result "0-1"]
[WhiteElo "2389"]
[BlackElo "2323"]
[PlyCount "116"]
[EventDate "2018.01.27"]
[EventType "swiss"]
[EventRounds "9"]
[EventCountry "RUS"]
[SourceTitle "CBM 182 Extra"]
[Source "ChessBase"]
[SourceDate "2018.02.23"]
[SourceVersion "1"]
[SourceVersionDate "2018.02.23"]
[SourceQuality "1"]

1. d4 d5 2. Bf4 c5 3. e4 dxe4 4. d5 Nf6 5. Nc3 g6 6. Bc4 Bg7 7. Nge2 0-0 8. a4 Na6 9. Ng3 Nb4 10. 0-0 b6 11. Qd2 Bb7 12. Rad1 Qd7 13. Be5 Rad8 14. Qg5 h6 15. Qc1 Qc8 16. d6 exd6 17. Bxf6 Bxf6 18. Ngxe4 Bg7 19. Nxd6 Rxd6 20. Rxd6 Qg4 21. Bd5 Nxd5 22. Nxd5 Qxa4 23. Nf6+ Bxf6 24. Qxh6 Bg7 25. Qd2 Re8 26. c3 Qh4 27. f4 Qg4 28. Rf2 Bf8 29. Rd7 Bc6 30. Rc7 Re6 31. Rc8 Kg7 32. Rd8 Be7 33. Rd3 c4 34. Rg3 Qf5 35. Qd4+ Kg8 36. Rh3 Re1+ 37. Rf1 Rxf1+ 38. Kxf1 Qb1+ 39. Kf2 Qxb2+ 40. Ke3 Qc1+ 41. Ke2 Qc2+ 42. Ke3 Qd3+ 43. Qxd3 cxd3 44. Kxd3 Bxg2 45. Rg3 Bf1+ 46. Kc2 Bd6 47. Rf3 Bg2 48. Rf2 Be4+ 49. Kb3 a5 50. Kc4 Bc6 51. h4 b5+ 52. Kd4 f5 53. Rf1 Kf7 54. Rf2 a4 55. Rf1 a3 56. Rf2 Be4 57. c4 b4 58. c5 Bxc5+ 0-1

[Event "EU-ch U16 27th"]
[Site "Mamaia"]
[Date "2017.09.06"]
[Round "2"]
[White "Sakulo, Denis"]
[Black "Yordanov, Lachezar"]
[Result "1-0"]
[WhiteElo "2061"]
[BlackElo "2297"]
[PlyCount "111"]
[EventDate "2017.09.05"]
[EventType "swiss"]
[EventRounds "9"]
[EventCountry "ROU"]
[SourceTitle "CBM 180 Extra"]
[Source "ChessBase"]
[SourceDate "2017.10.06"]
[SourceVersion "1"]
[SourceVersionDate "2017.10.06"]
[SourceQuality "1"]

1. d4 Nf6 2. Nf3 e6 3. g3 d5 4. Bg2 Be7 5. c4 c6 6. 0-0 0-0 7. Nbd2 b6 8. Qc2 Bb7 9. e4 Na6 10. e5 Nd7 11. cxd5 Nb4 12. Qb3 Nxd5 13. Ne4 c5 14. dxc5 Nxc5 15. Nxc5 Bxc5 16. Bg5 Qc7 17. Rac1 h6 18. Bd2 Qe7 19. Qa4 Rfd8 20. Qg4 Kf8 21. Qh5 Ke8 22. Rfd1 Bb4 23. Nd4 Bc5 24. Nf3 Bb4 25. a3 Bxd2 26. Nxd2 Kf8 27. Nc4 Rac8 28. Nd6 Rxc1 29. Rxc1 Ba8 30. Rc4 Kg8 31. Rg4 f5 32. Rg6 Kf8 33. h4 Rd7 34. Qe2 Rc7 35. Qd2 Rd7 36. Qc2 Rc7 37. Qd3 Rd7 38. Qc2 Rc7 39. Qd1 Rd7 40. Qa4 Rc7 41. Qd4 Rd7 42. g4 Qxh4 43. Rxe6 Nc7 44. Rg6 Bxg2 45. Kxg2 fxg4 46. e6 Re7 47. Rxg4 Qh5 48. Qf4+ Kg8 49. Nf5 Rxe6 50. Rxg7+ Kh8 51. Rxc7 Rf6 52. Rc8+ Kh7 53. Ng3 Qf7 54. Qe4+ Kg7 55. Qg4+ Kh7 56. Rc2 1-0

[Event "Kstovo Chess Hopes op"]
[Site "Kstovo"]
[Date "2015.06.30"]
[Round "7"]
[White "Sakulo, Denis"]
[Black "Kulik, Artur"]
[Result "1-0"]
[WhiteElo "2028"]
[BlackElo "1735"]
[PlyCount "67"]
[EventDate "2015.06.24"]
[EventType "swiss"]
[EventRounds "9"]
[EventCountry "RUS"]
[SourceTitle "CBM 167 Extra"]
[Source "ChessBase"]
[SourceDate "2015.09.14"]
[SourceVersion "1"]
[SourceVersionDate "2015.09.14"]
[SourceQuality "1"]

1. d4 Nf6 2. g3 d5 3. Bg2 b5 4. a4 b4 5. c4 bxc3 6. Nxc3 e6 7. Bf4 Bb4 8. a5 Nbd7 9. Qa4 Bxc3+ 10. bxc3 Rb8 11. Nf3 Ba6 12. Nd2 0-0 13. Bf3 Qe7 14. 0-0 Rfc8 15. Rfc1 e5 16. dxe5 Nxe5 17. Bxe5 Qxe5 18. c4 Rb2 19. Ra2 Rxa2 20. Qxa2 Rb8 21. cxd5 Rb2 22. Qa1 Nd7 23. Nc4 Bxc4 24. Rxc4 Rb7 25. Qc1 Rb5 26. Re4 Qd6 27. Re8+ Nf8 28. Qc3 Qd7 29. Ra8 Qh3 30. Be4 Qh5 31. Qa3 c5 32. dxc6 Rc5 33. c7 Qxe2 34. Rxf8+ 1-0

[Event "Nizhnij Novgorod Dubinin Memorial 22nd"]
[Site "Nizhnij Novgorod"]
[Date "2015.??.??"]
[Round "3"]
[White "Yatzenko, Anton"]
[Black "Sakulo, Denis"]
[Result "1-0"]
[WhiteElo "2387"]
[BlackElo "2016"]
[PlyCount "59"]
[EventDate "2015.01.03"]
[EventType "swiss"]
[EventRounds "9"]
[EventCountry "RUS"]
[SourceTitle "CBM 164 Extra"]
[Source "ChessBase"]
[SourceDate "2015.03.02"]
[SourceVersion "1"]
[SourceVersionDate "2015.03.02"]
[SourceQuality "1"]

1. e4 c6 2. Nc3 d5 3. Nf3 Nf6 4. e5 Ne4 5. d3 Nxc3 6. bxc3 Bg4 7. h3 Bxf3 8. Qxf3 e6 9. d4 c5 10. dxc5 Bxc5 11. Qg3 Kf8 12. Bd3 Nc6 13. 0-0 Qc7 14. Re1 f5 15. Rb1 Ne7 16. Kh1 Kf7 17. h4 h6 18. h5 Rag8 19. c4 dxc4 20. Bxc4 Qc6 21. Bb5 Qc8 22. Qf3 a6 23. Bd3 b5 24. g4 g6 25. a4 b4 26. hxg6+ Rxg6 27. gxf5 exf5 28. e6+ Kf8 29. Bb2 Rhg8 30. Bxf5 1-0

[Event "Nizhnij Novgorod Region-ch"]
[Site "Nizhnij Novgorod"]
[Date "2013.10.19"]
[Round "5"]
[White "Sakulo, Denis"]
[Black "Stepanushkin, Alexander"]
[Result "1-0"]
[WhiteElo "1941"]
[BlackElo "1939"]
[PlyCount "67"]
[EventDate "2013.10.19"]
[EventType "swiss"]
[EventRounds "9"]
[EventCountry "RUS"]
[SourceTitle "EXT 2022"]
[Source "ChessBase"]
[SourceDate "2021.10.06"]
[SourceVersion "1"]
[SourceVersionDate "2021.10.06"]
[SourceQuality "1"]

1. d4 Nf6 2. Nf3 e6 3. g3 b6 4. Bg2 Bb7 5. c4 Bb4+ 6. Bd2 Be7 7. Nc3 0-0 8. 0-0 d5 9. Ne5 Nbd7 10. Bg5 c6 11. cxd5 Nxd5 12. Bxe7 Qxe7 13. Ne4 Rfc8 14. Qa4 f6 15. Nd3 a5 16. Rac1 Nb4 17. Qa3 Ba6 18. Rfd1 Bxd3 19. Rxd3 f5 20. Nd2 Nf6 21. Nc4 Nfd5 22. Rdd1 Ra7 23. Ne5 Rac7 24. Qb3 b5 25. a3 a4 26. Qf3 Na6 27. Qd3 Qe8 28. e4 fxe4 29. Bxe4 Nf6 30. Bg2 c5 31. dxc5 Nxc5 32. Qd6 Qf8 33. Qb6 Ncd7 34. Qxe6+ 1-0

[Event "Kstovo Chess Hopes op"]
[Site "Kstovo"]
[Date "2013.06.28"]
[Round "9"]
[White "Tkachev, Viacheslav"]
[Black "Sakulo, Denis"]
[Result "0-1"]
[WhiteElo "1978"]
[BlackElo "1869"]
[PlyCount "80"]
[EventDate "2013.06.24"]
[EventType "swiss"]
[EventRounds "9"]
[EventCountry "RUS"]
[SourceTitle "EXT 2018"]
[Source "ChessBase"]
[SourceDate "2017.10.13"]
[SourceVersion "1"]
[SourceVersionDate "2017.10.13"]
[SourceQuality "1"]

1. Nf3 Nf6 2. c4 c6 3. d4 d5 4. e3 e6 5. Nc3 Nbd7 6. Bd3 dxc4 7. Bxc4 b5 8. Bd3 a6 9. 0-0 c5 10. Qe2 Bb7 11. Rd1 cxd4 12. Nxd4 Be7 13. Nb3 0-0 14. f3 Qb6 15. Kh1 Nc5 16. Nxc5 Bxc5 17. e4 e5 18. Bg5 Rac8 19. Rac1 Bd4 20. Nb1 h6 21. Bh4 Nh5 22. Nc3 Nf4 23. Qf1 Qa5 24. Be1 b4 25. Ne2 Rxc1 26. Nxc1 Bxb2 27. Bc4 Bxc1 28. Rxc1 Rd8 29. Rb1 Qc7 30. Bxb4 a5 31. Be1 Rd4 32. Bb5 Qc2 33. Bxa5 Nxg2 34. Rc1 Qxa2 35. Bc3 Ne3 36. Qg1 Rxe4 37. Re1 Rg4 38. Rxe3 Rxg1+ 39. Kxg1 Qb1+ 40. Kf2 Qxb5 0-1

[Event "Kstovo Chess Hopes op"]
[Site "Kstovo"]
[Date "2013.06.27"]
[Round "7"]
[White "Sakulo, Denis"]
[Black "Denisov, Albert"]
[Result "1-0"]
[WhiteElo "1869"]
[BlackElo "1760"]
[PlyCount "51"]
[EventDate "2013.06.24"]
[EventType "swiss"]
[EventRounds "9"]
[EventCountry "RUS"]
[SourceTitle "EXT 2018"]
[Source "ChessBase"]
[SourceDate "2017.10.13"]
[SourceVersion "1"]
[SourceVersionDate "2017.10.13"]
[SourceQuality "1"]

1. d4 e6 2. g3 f5 3. Bg2 Nf6 4. Nf3 Be7 5. 0-0 0-0 6. c4 d6 7. Nc3 Qe8 8. Qc2 Qg6 9. Bg5 h6 10. Bxf6 Bxf6 11. Rfe1 Bd8 12. Qb3 c6 13. e4 f4 14. Qa3 Bc7 15. Rad1 Nd7 16. e5 d5 17. cxd5 cxd5 18. Nb5 Bb6 19. Rc1 Qh5 20. Qd6 Qe8 21. Qa3 Qh5 22. Nd6 g5 23. Qd3 fxg3 24. hxg3 Rd8 25. g4 Qf7 26. Nxf7 1-0

[Event "Kstovo Chess Hopes op"]
[Site "Kstovo"]
[Date "2013.06.27"]
[Round "8"]
[White "Sakulo, Denis"]
[Black "Markovsky, Georgy"]
[Result "1-0"]
[WhiteElo "1869"]
[BlackElo "1731"]
[PlyCount "69"]
[EventDate "2013.06.24"]
[EventType "swiss"]
[EventRounds "9"]
[EventCountry "RUS"]
[SourceTitle "EXT 2018"]
[Source "ChessBase"]
[SourceDate "2017.10.13"]
[SourceVersion "1"]
[SourceVersionDate "2017.10.13"]
[SourceQuality "1"]

1. d4 d5 2. c4 e6 3. Nc3 Nf6 4. cxd5 exd5 5. Bg5 Be7 6. e3 0-0 7. Bd3 h6 8. Bh4 c6 9. Nge2 Bg4 10. 0-0 Nbd7 11. f3 Bh5 12. Qc2 Re8 13. g4 Nxg4 14. Bxe7 Qxe7 15. fxg4 Qxe3+ 16. Rf2 Bxg4 17. Nd1 Qh3 18. Rg2 Nf6 19. Nf2 Qh4 20. Qd2 Bf3 21. Rg3 Bxe2 22. Bxe2 Ne4 23. Nxe4 Rxe4 24. Rd1 Rae8 25. Bd3 Rg4 26. Qf2 Rf4 27. Qg2 g5 28. Qd2 Rg4 29. Qf2 Rf4 30. Qd2 Rg4 31. Kg2 Kg7 32. Bf5 Rf4 33. Qd3 Kf6 34. Rf1 Qh5 35. Bg4 1-0

[Event "Nizhnij Novgorod Region-ch"]
[Site "Nizhnij Novgorod"]
[Date "2012.10.09"]
[Round "?"]
[White "Sakulo, Denis"]
[Black "Podshibikhin, Yuri"]
[Result "0-1"]
[WhiteElo "1903"]
[BlackElo "1993"]
[PlyCount "34"]
[EventDate "2012.10.06"]
[EventType "swiss"]
[EventRounds "9"]
[EventCountry "RUS"]
[SourceTitle "EXT 2022"]
[Source "ChessBase"]
[SourceDate "2021.10.06"]
[SourceVersion "1"]
[SourceVersionDate "2021.10.06"]
[SourceQuality "1"]

1. d4 Nf6 2. Nf3 d5 3. c4 e6 4. g3 a6 5. Qc2 Nbd7 6. Bg2 dxc4 7. Qxc4 b5 8. Qc2 Bb7 9. 0-0 Rc8 10. Rd1 c5 11. dxc5 Bxc5 12. Qd3 Be4 13. Qd2 Qb6 14. e3 Qb7 15. Qe2 g5 16. Nc3 Bc6 17. Qf1 Bxf3 0-1